MARC-Details
| 000 -LEADER |
| fixed length control field |
02177pam a2200493 c 4500 |
| 001 - CONTROL NUMBER |
| control field |
1002297133 |
| 003 - CONTROL NUMBER IDENTIFIER |
| control field |
DE-101 |
| 005 - DATE AND TIME OF LATEST TRANSACTION |
| control field |
20250527114948.0 |
| 007 - PHYSICAL DESCRIPTION FIXED FIELD--GENERAL INFORMATION |
| fixed length control field |
tu |
| 008 - FIXED-LENGTH DATA ELEMENTS--GENERAL INFORMATION |
| fixed length control field |
100507s2011 gw ||||| |||| 00||||ger |
| 015 ## - NATIONAL BIBLIOGRAPHY NUMBER |
| National bibliography number |
11,A12 |
| Canceled/invalid national bibliography number |
10,N19 |
| Source |
dnb |
| 016 7# - NATIONAL BIBLIOGRAPHIC AGENCY CONTROL NUMBER |
| Source |
DE-101 |
| Record control number |
1002297133 |
| 020 ## - INTERNATIONAL STANDARD BOOK NUMBER |
| International Standard Book Number |
9783551752444 |
| Terms of availability |
kart. : EUR 17.90 (DE), EUR 18.40 (AT), sfr 32.90 (freier Pr.) |
| 024 3# - OTHER STANDARD IDENTIFIER |
| Standard number or code |
9783551752444 |
| 035 ## - SYSTEM CONTROL NUMBER |
| System control number |
(DE-599)DNB1002297133 |
| 035 ## - SYSTEM CONTROL NUMBER |
| System control number |
(OCoLC)724167425 |
| 040 ## - CATALOGING SOURCE |
| Original cataloging agency |
1245 |
| Language of cataloging |
ger |
| Transcribing agency |
DE-101 |
| Modifying agency |
9999 |
| 041 ## - LANGUAGE CODE |
| Language code of text/sound track or separate title |
ger |
| Language code of original |
jpn |
| 044 ## - COUNTRY OF PUBLISHING/PRODUCING ENTITY CODE |
| ISO country code |
XA-DE-HH |
| 082 74 - DEWEY DECIMAL CLASSIFICATION NUMBER |
| Classification number |
K |
| -- |
741.5 |
| Assigning agency |
DE-101 |
| Edition number |
22sdnb |
| 090 ## - LOCALLY ASSIGNED LC-TYPE CALL NUMBER (OCLC); LOCAL CALL NUMBER (RLIN) |
| Classification number (OCLC) (R) ; Classification number, CALL (RLIN) (NR) |
b |
| 100 1# - MAIN ENTRY--PERSONAL NAME |
| Authority record control number or standard number |
(DE-588)1028304803 |
| -- |
https://d-nb.info/gnd/1028304803 |
| -- |
(DE-101)1028304803 |
| Personal name |
Hayashi, Hikaru |
| Dates associated with a name |
1961- |
| Relator term |
Verfasser |
| Relationship |
aut |
| Source of heading or term |
gnd |
| 245 10 - TITLE STATEMENT |
| Title |
Manga-Figuren entwickeln |
| Statement of responsibility, etc. |
Hikaru Hayashi. [Aus dem Japan. von Cordelia von Teichman] |
| 250 ## - EDITION STATEMENT |
| Edition statement |
Dt. Ausg. |
| 264 #1 - PRODUCTION, PUBLICATION, DISTRIBUTION, MANUFACTURE, AND COPYRIGHT NOTICE |
| Place of production, publication, distribution, manufacture |
Hamburg |
| Name of producer, publisher, distributor, manufacturer |
Carlsen |
| Date of production, publication, distribution, manufacture, or copyright notice |
2011 |
| 300 ## - PHYSICAL DESCRIPTION |
| Extent |
183 S. |
| Other physical details |
überw. Ill. |
| Dimensions |
26 cm |
| 336 ## - CONTENT TYPE |
| Content type term |
unbewegtes Bild |
| Content type code |
sti |
| Source |
rdacontent |
| 337 ## - MEDIA TYPE |
| Media type term |
ohne Hilfsmittel zu benutzen |
| Media type code |
n |
| Source |
rdamedia |
| 338 ## - CARRIER TYPE |
| Carrier type term |
Band |
| Carrier type code |
nc |
| Source |
rdacarrier |
| 385 ## - AUDIENCE CHARACTERISTICS |
| Authority record control number or standard number |
(DE-588)4028859-6 |
| -- |
https://d-nb.info/gnd/4028859-6 |
| -- |
(DE-101)040288595 |
| Audience term |
Jugend |
| Source |
gnd |
| 490 0# - SERIES STATEMENT |
| Series statement |
How to draw manga |
| 490 0# - SERIES STATEMENT |
| Series statement |
Carlsen-Manga! |
| 650 #7 - SUBJECT ADDED ENTRY--TOPICAL TERM |
| Authority record control number or standard number |
(DE-588)4627787-0 |
| -- |
https://d-nb.info/gnd/4627787-0 |
| -- |
(DE-101)961015306 |
| Topical term or geographic name entry element |
Manga |
| 9 (RLIN) |
rswk-swf |
| Source of heading or term |
gnd |
| 650 #7 - SUBJECT ADDED ENTRY--TOPICAL TERM |
| Authority record control number or standard number |
(DE-588)4113617-2 |
| -- |
https://d-nb.info/gnd/4113617-2 |
| -- |
(DE-101)041136179 |
| Topical term or geographic name entry element |
Frau |
| Miscellaneous information |
Motiv |
| 9 (RLIN) |
rswk-swf |
| Source of heading or term |
gnd |
| 650 #7 - SUBJECT ADDED ENTRY--TOPICAL TERM |
| Authority record control number or standard number |
(DE-588)4489467-3 |
| -- |
https://d-nb.info/gnd/4489467-3 |
| -- |
(DE-101)95297388X |
| Topical term or geographic name entry element |
Figurenzeichnung |
| 9 (RLIN) |
rswk-swf |
| Source of heading or term |
gnd |
| 653 ## - INDEX TERM--UNCONTROLLED |
| Uncontrolled term |
(VLB-PF)BC: Paperback |
| 653 ## - INDEX TERM--UNCONTROLLED |
| Uncontrolled term |
(VLB-WN)1180: Hardcover, Softcover / Belletristik/Comic, Cartoon, Humor, Satire |
| 655 #7 - INDEX TERM--GENRE/FORM |
| Authority record control number or standard number |
(DE-588)4028933-3 |
| -- |
https://d-nb.info/gnd/4028933-3 |
| -- |
(DE-101)040289338 |
| Genre/form data or focus term |
Jugendsachbuch |
| Source of term |
gnd-content |
| 655 #7 - INDEX TERM--GENRE/FORM |
| Genre/form data or focus term |
Jugendsachbuch |
| 9 (RLIN) |
rswk-swf |
| Source of term |
gnd |
| 856 42 - ELECTRONIC LOCATION AND ACCESS |
| Contact for access assistance |
B:DE-101 |
| Electronic format type |
application/pdf |
| Uniform Resource Identifier |
<a href="https://d-nb.info/1002297133/04">https://d-nb.info/1002297133/04</a> |
| Materials specified |
Inhaltsverzeichnis |
| 856 42 - ELECTRONIC LOCATION AND ACCESS |
| Contact for access assistance |
X:MVB |
| Electronic format type |
text/html |
| Uniform Resource Identifier |
<a href="http://deposit.dnb.de/cgi-bin/dokserv?id=3470129&prov=M&dok_var=1&dok_ext=htm">http://deposit.dnb.de/cgi-bin/dokserv?id=3470129&prov=M&dok_var=1&dok_ext=htm</a> |
| Materials specified |
Inhaltstext |
| 942 ## - ADDED ENTRY ELEMENTS (KOHA) |
| Source of classification or shelving scheme |
Dewey Decimal Classification |
| Koha item type |
Buch |
| Suppress in OPAC |
No |